| 000 | 00539nam a22001817a 4500 | ||
|---|---|---|---|
| 003 | BD-DhJNU | ||
| 005 | 20250701061700.0 | ||
| 008 | 250701b |||||||| |||| 00| 0 eng d | ||
| 040 |
_aBD-DhJNU _bENG _cBD-DhJNU _dBD-DhJNU |
||
| 082 |
_223 _a320 APS |
||
| 100 | _aAppadorai, A. | ||
| 245 |
_aThe substance of politics / _cA. Appadorai |
||
| 260 |
_aNew Delhi : _bOxford University Press, _c1975. |
||
| 300 |
_a583p. : _bill. ; _c22 cm. |
||
| 504 | _aIncludes bibliographies and index | ||
| 650 | _aPolitical science | ||
| 942 |
_2ddc _cBK _n0 |
||
| 999 |
_c1856 _d1856 |
||